| 000 | 00723npc a2200217Ia 4500 | ||
|---|---|---|---|
| 001 | fe24-51370 | ||
| 003 | IT-MiCISF | ||
| 008 | 161014s9999||||xx | und|| | ||
| 040 |
_aIT-MiCISF _cIT-MiCISF |
||
| 041 | _ait | ||
| 100 | _aGrasselli Pierluigi (a cura di) | ||
| 245 | 0 | _aRicerca sull'Associazionismo familiare in Umbria | |
| 250 | _a1a ed. | ||
| 260 |
_bRegione Umbria-Univ. di Perugia _c2012 |
||
| 300 | _app. 130 | ||
| 500 | _aMengon S., Mococci T. / associazionismo, famiglia, associazioni, reti-informali, welfare, politica-familiare, handicap, malattie-mentali, tossicodipendenza / | ||
| 650 | _asocietà | ||
| 700 | _aMontesi Cristina (a cura di) | ||
| 942 | _cDD | ||
| 957 | _71 | ||
| 999 |
_a51370 _bsi _g1 _c206350 _d206350 |
||